[Event "AUTO-OPEN-3183"]
[Site "http://www.queenalice.com/game.php?id=1254821"]
[Date "2014.2.8"]
[Round "1"]
[White "Enaum"]
[Black "jnable"]
[Result "0-1"]
[WhiteElo "1542"]
[BlackElo "1997"]

1. e4 e6 2. d4 d5 3. Nc3 c5 4. Bb5+ Nc6 5. Nf3 dxe4 6. Nxe4 Qa5+ 7. Nc3 Bd7 8.
dxc5 Bxc5 9. Be3 Bxe3 10. fxe3 Nge7 11. Ng5 O-O 12. Qxd7 Rfd8 13. Qxb7 Rab8 14.
Qa6 Rxb5 15. Qxa5 Rxa5 16. Nge4 Nb4 17. O-O Nxc2 18. Rac1 Nxe3 19. Rfe1 N3f5 20.
a3 Nd5 21. Rcd1 Nfe7 22. Ng5 Rc5 23. Nge4 Rc6 24. Nb5 a6 25. Na7 Rc7 26. Nc3
Rxa7 27. Na4 Rc8 28. Rc1 g6 29. b4 Rxc1 30. Rxc1 Rc7 31. Rf1 Nf5 32. Nc5 Rc6 33.
Nd7 Rc3 34. Ne5 Rxa3 35. Nc6 Ra2 36. Rd1 Nfe3 37. Re1 Rxg2+ 38. Kh1 Rb2 39. h3
Kg7 40. h4 h6 41. Ne5 Rxb4 42. h5 Rh4+ 43. Kg1 Rxh5 44. Nd3 Rg5+ 45. Kf2 e5 0-1

[Event "AUTO-OPEN-3183"]
[Site "http://www.queenalice.com/game.php?id=1254832"]
[Date "2014.2.8"]
[Round "1"]
[White "Enaum"]
[Black "goldenboy"]
[Result "0-1"]
[WhiteElo "1375"]
[BlackElo "2052"]

1. e4 e5 2. Nf3 Nc6 3. Nc3 Bc5 4. d3 d6 5. Bg5 Nge7 6. a3 Bg4 7. h3 Bh5 8. Qd2
Bxf3 9. gxf3 Nd4 10. Be2 c6 11. Na4 Bb6 12. Be3 Nxe2 13. Qxe2 Bxe3 14. Qxe3 f5
15. Rg1 f4 16. Qd2 O-O 17. Qc3 Kh8 18. Qb4 b5 19. Nc3 a5 20. Qb3 Ng6 21. a4 Nh4
22. Ke2 b4 23. Na2 Qe8 24. Rg4 Qh5 25. Qc4 Nxf3 26. Kxf3 Qxh3+ 27. Ke2 Qxg4+ 28.
Kd2 f3 29. Qxc6 Qf4+ 30. Kd1 Qh4 31. Kd2 Qxf2+ 32. Kc1 Qe1# 0-1

[Event "AUTO-OPEN-3183"]
[Site "http://www.queenalice.com/game.php?id=1254833"]
[Date "2014.2.8"]
[Round "1"]
[White "goldenboy"]
[Black "Enaum"]
[Result "1-0"]
[WhiteElo "2058"]
[BlackElo "1570"]

1. e4 e5 2. f4 exf4 3. Nf3 f6 4. Bc4 d6 5. d4 Nc6 6. c3 Nh6 7. Bxf4 Ng4 8. h3
Nh6 9. Bxh6 gxh6 10. Nh4 Ne7 11. Qh5+ Kd7 12. Qf7 Kc6 13. Qxf6 Bg7 14. Qxg7 b5
15. d5+ Kb6 16. Qd4+ Ka6 17. Bd3 Bd7 18. a4 c6 19. axb5+ Kb7 20. bxc6+ Nxc6 21.
dxc6+ Bxc6 22. Qb4+ Kc7 23. Nf5 Rb8 24. Rxa7+ Rb7 25. Qa5+ Kd7 26. Rxb7+ Bxb7
27. Qxd8+ Kxd8 28. Nxd6 Bd5 29. exd5 Kd7 30. Ne4 Re8 31. O-O Rc8 32. Rf7+ Kd8
33. Rxh7 Rc7 34. Rxh6 Re7 35. d6 Rg7 36. Bb5 Kc8 37. d7+ Kc7 38. Nf6 Rg5 39. Rh8
Rxb5 40. d8=N Rxb2 41. Na3 Rb3 42. Nc4 Rxc3 43. Nd5+ Kd7 44. Nxc3 Ke7 45. Rh6
Kxd8 46. Rh7 Ke8 47. g4 Kf8 48. g5 Kg8 49. g6 Kf8 50. Nd5 Kg8 51. Nf6+ Kf8 52.
Rf7# 1-0

[Event "AUTO-INT-2809"]
[Site "http://www.queenalice.com/game.php?id=1257803"]
[Date "2014.2.18"]
[Round "1"]
[White "sexgato"]
[Black "Enaum"]
[Result "1-0"]
[WhiteElo "1562"]
[BlackElo "1489"]

1. e4 d5 2. exd5 Qxd5 3. Nc3 Qd7 4. Bb5 c6 5. Bc4 e5 6. Nf3 f6 7. O-O b5 8. Be2
Nh6 9. d3 Nf5 10. a4 b4 11. Ne4 Nd4 12. c3 bxc3 13. bxc3 Nxe2+ 14. Qxe2 Ba6 15.
Be3 Be7 16. c4 1-0

[Event "AUTO-INT-2809"]
[Site "http://www.queenalice.com/game.php?id=1257804"]
[Date "2014.2.18"]
[Round "1"]
[White "Enaum"]
[Black "sexgato"]
[Result "0-1"]
[WhiteElo "1466"]
[BlackElo "1575"]

1. e4 e5 2. d4 exd4 3. Qxd4 Nc6 4. Qd1 Bc5 5. c3 Nf6 6. Bg5 h6 7. Be3 Bxe3 8.
fxe3 Nxe4 9. Bd3 Nc5 10. Bb5 Ne5 11. Qd5 O-O 12. Qxe5 b6 13. Nf3 d6 14. Qh5 a6
15. Bc6 Ra7 16. O-O Nd3 17. Na3 Nxb2 0-1

[Event "AUTO-INT-2809"]
[Site "http://www.queenalice.com/game.php?id=1257821"]
[Date "2014.2.18"]
[Round "1"]
[White "Enaum"]
[Black "Alcar"]
[Result "0-1"]
[WhiteElo "1540"]
[BlackElo "1725"]

1. e4 c5 2. d4 cxd4 3. Qxd4 Nc6 4. Qc3 e5 5. Nf3 Bb4 6. Qxb4 Nxb4 7. Bd3 Nxd3+
8. cxd3 Nf6 9. Nxe5 O-O 10. Nc3 d6 11. Nc4 d5 12. exd5 Nxd5 13. Nxd5 Qxd5 14.
O-O Bf5 15. b3 Qxd3 16. Ne5 Qc3 17. Bf4 h6 18. Rac1 Qd4 19. g3 g5 20. g4 Qxf4
21. gxf5 Qxe5 22. Rfe1 Qxf5 23. Re2 Qg4+ 24. Kf1 Qh3+ 25. Kg1 Qd3 26. Kf1 Rac8
27. Re1 Rc2 28. b4 Rxa2 29. h3 Rxe2 30. Rxe2 Qb1+ 31. Re1 Qxb4 32. f3 Qc4+ 33.
Kf2 Qc2+ 0-1

[Event "AUTO-INT-2809"]
[Site "http://www.queenalice.com/game.php?id=1257822"]
[Date "2014.2.18"]
[Round "1"]
[White "Alcar"]
[Black "Enaum"]
[Result "1-0"]
[WhiteElo "1574"]
[BlackElo "1570"]

1. d4 d5 2. c4 e6 3. Nc3 Bb4 4. Qc2 Nc6 5. Nf3 Nf6 6. a3 Bxc3+ 7. bxc3 dxc4 8.
e4 Bd7 9. Bxc4 Na5 10. Bd3 Nh5 11. e5 c6 12. O-O O-O 13. Bxh7+ Kh8 14. Bd3 b5
15. Be2 Nc4 16. Ng5 g6 17. Bxh5 Rg8 18. Nxf7+ Kg7 19. Qxg6+ Kf8 20. Qh6+ Ke8 21.
Nd6+ Ke7 22. Qf6# 1-0

[Event "Challenge"]
[Site "http://www.queenalice.com/game.php?id=1263403"]
[Date "2014.3.8"]
[Round "-"]
[White "thiagobh"]
[Black "Enaum"]
[Result "1-0"]
[WhiteElo "1513"]
[BlackElo "1544"]

1. Nf3 f6 2. g3 e5 3. d3 Nc6 4. Bg2 d5 5. O-O Bc5 6. Nbd2 Nge7 7. b3 O-O 8. Bb2
Nf5 9. e4 dxe4 10. dxe4 Nfd4 11. c3 Nxf3+ 12. Bxf3 Bh3 13. Re1 f5 14. exf5 Ne7
15. Rxe5 Bd6 16. Re4 Nxf5 17. Re2 1-0

[Event "AUTO-INT-2820"]
[Site "http://www.queenalice.com/game.php?id=1263902"]
[Date "2014.3.10"]
[Round "1"]
[White "Edmorf"]
[Black "Enaum"]
[Result "1-0"]
[WhiteElo "1577"]
[BlackElo "1542"]

1. d4 d5 2. Nf3 f6 3. Nc3 e5 4. dxe5 fxe5 5. Nxd5 c6 6. Bg5 Ne7 7. Qd3 cxd5 8.
Nxe5 h6 9. Bf4 Bf5 10. Qb5+ Nbc6 11. Nxc6 bxc6 12. Qb7 Bxc2 13. Rc1 Rb8 14. Bxb8
Bf5 15. e3 Bg4 16. Bc7 Qd7 17. Qb8+ Kf7 18. f3 Bh5 19. e4 Ng6 20. Rd1 d4 21.
Bc4+ Kf6 22. e5+ Nxe5 23. Bxe5+ Ke7 24. Bd6+ Kf6 25. Be5+ Kf5 26. g4+ Kg5 27.
Bf4+ Kg6 28. gxh5+ Kxh5 29. Qe5+ Kh4 30. Bg3+ Kh3 31. Bf1# 1-0

[Event "AUTO-INT-2820"]
[Site "http://www.queenalice.com/game.php?id=1263903"]
[Date "2014.3.10"]
[Round "1"]
[White "Enaum"]
[Black "Edmorf"]
[Result "0-1"]
[WhiteElo "1521"]
[BlackElo "1610"]

1. e4 e5 2. d4 Bd6 3. Nf3 c5 4. c3 Nf6 5. dxe5 O-O 6. exd6 Nxe4 7. Bd3 Qe8 8.
O-O Nxd6 9. Re1 Qd8 10. Bf4 Qb6 11. c4 Qxb2 12. Bxd6 Rd8 13. Be5 Qb6 14. Nc3 d6
15. Nd5 Qa5 16. Ne7+ Kf8 17. Nxc8 dxe5 18. Ng5 Qc3 19. Nxh7+ Ke8 20. Re3 Rxc8
21. Rc1 Qd4 22. Qa4+ Nc6 23. Bf5 Qd2 24. Qc2 Qxc2 25. Rxc2 Rd8 26. Rc1 Rd2 27.
Be4 Rad8 28. Bf3 Nd4 29. h3 f6 30. Bh5+ Ke7 31. f4 Nf5 32. Ree1 Rh8 33. fxe5 Kd7
34. e6+ Ke7 35. Bg6 Nh4 36. Be4 f5 37. Bxf5 Nxf5 38. Ng5 Nh4 39. Ne4 Rxg2+ 40.
Kf1 Rf8+ 41. Nf2 Rfxf2# 0-1

[Event "AUTO-INT-2820"]
[Site "http://www.queenalice.com/game.php?id=1263917"]
[Date "2014.3.10"]
[Round "1"]
[White "dida"]
[Black "Enaum"]
[Result "0-1"]
[WhiteElo "1536"]
[BlackElo "1525"]

1. e4 d5 2. e5 f6 3. exf6 exf6 4. Bd3 Bd6 5. Qe2+ Ne7 6. Nf3 O-O 7. O-O Nbc6 8.
Nc3 Nf5 9. Nxd5 Ncd4 10. Nxd4 Nxd4 11. Qh5 g6 12. Bxg6 hxg6 13. Qxg6+ Kh8 14.
Qh6+ Kg8 15. Qg6+ Kh8 16. d3 Bf5 17. Qxf5 Nxf5 18. Bd2 c6 19. Nf4 Bxf4 20. Bxf4
Nd4 21. Rac1 Ne2+ 22. Kh1 Nxf4 23. Rce1 Qd5 24. Re4 Qg5 25. Rg1 f5 26. Re5 Rae8
27. Rxe8 Rxe8 28. g3 Nh3 29. Rf1 Qd2 0-1

[Event "AUTO-INT-2820"]
[Site "http://www.queenalice.com/game.php?id=1263918"]
[Date "2014.3.10"]
[Round "1"]
[White "Enaum"]
[Black "dida"]
[Result "1-0"]
[WhiteElo "1524"]
[BlackElo "1538"]

1. e4 e5 2. d4 exd4 3. Qxd4 Be7 4. Qxg7 d5 5. Qxh8 dxe4 6. Qxg8+ Bf8 7. Qxh7 Qe7
8. Bc4 Nd7 9. Nc3 b6 10. Nd5 Qd6 11. Bf4 Nf6 12. Nxf6+ Qxf6 13. Qxe4+ Be7 14.
Qxa8 Kd8 15. Ne2 Qxb2 16. Rd1+ Bd6 17. Bxf7 Qxc2 18. Be6 Qc5 19. Qxc8+ 1-0

[Event "AUTO-INT-2820"]
[Site "http://www.queenalice.com/game.php?id=1263927"]
[Date "2014.3.10"]
[Round "1"]
[White "Enaum"]
[Black "tango2011"]
[Result "0-1"]
[WhiteElo "1508"]
[BlackElo "1667"]

1. e4 c5 2. d4 Nf6 3. f3 cxd4 4. Qxd4 Nc6 5. Qd1 e6 6. Bb5 Bc5 7. Nc3 O-O 8.
Nge2 Qb6 9. Ng3 Bb4 10. Bc4 Bxc3+ 11. bxc3 Na5 12. e5 Nxc4 13. Ne4 Nxe4 14. fxe4
Nxe5 15. Bf4 Qc5 16. Qe2 Qxc3+ 17. Kf2 Qd4+ 18. Kg3 Ng6 19. Rad1 Qf6 20. Rhf1
Qc3+ 21. Rf3 Nxf4 22. Kxf4 Qc7+ 23. Ke3 b6 24. Rg3 Bb7 25. Qd3 Qc5+ 0-1

[Event "AUTO-INT-2820"]
[Site "http://www.queenalice.com/game.php?id=1263928"]
[Date "2014.3.10"]
[Round "1"]
[White "tango2011"]
[Black "Enaum"]
[Result "1-0"]
[WhiteElo "1677"]
[BlackElo "1498"]

1. d4 d5 2. e3 Nc6 3. Nf3 f6 4. Bb5 Bd7 5. O-O a6 6. Bd3 e6 7. b3 e5 8. dxe5
fxe5 9. e4 dxe4 10. Bxe4 Nf6 11. Bd5 Na5 12. Qd2 Nxd5 13. Qxd5 c6 14. Qxe5+ Be7
15. Qxg7 Rf8 16. Qxh7 Bf6 17. c3 Bg4 18. Qg6+ Ke7 19. Qxg4 Rg8 20. Re1+ Kf7 21.
Qf5 c5 22. Qxc5 b6 23. Qh5+ Kg7 24. Qh6+ Kf7 25. Bb2 Rh8 26. Qf4 Nc6 27. Na3 1-0

[Event "Challenge"]
[Site "http://www.queenalice.com/game.php?id=1264591"]
[Date "2014.3.13"]
[Round "-"]
[White "Knightman"]
[Black "Enaum"]
[Result "1-0"]
[WhiteElo "2317"]
[BlackElo "1542"]

1. d4 d5 2. c4 e5 3. cxd5 Qxd5 4. Nf3 Bg4 5. Nxe5 Bh5 6. Nc3 Qd8 7. Qb3 b6 8. g4
Bg6 9. Bg2 Qxd4 10. Qb5+ c6 11. Bxc6+ Nxc6 12. Qxc6+ Kd8 13. Qxa8+ Ke7 14. Nc6+
Kf6 15. Nxd4 1-0

[Event "Challenge"]
[Site "http://www.queenalice.com/game.php?id=1264593"]
[Date "2014.3.13"]
[Round "-"]
[White "ermes72"]
[Black "Enaum"]
[Result "1-0"]
[WhiteElo "1597"]
[BlackElo "1454"]

1. e4 d5 2. Bd3 Nf6 3. exd5 Qxd5 4. Nf3 e5 5. Qe2 e4 6. Bc4 Qd6 7. Ng5 Bg4 8. f3
Be6 9. fxe4 Nfd7 10. e5 Nxe5 11. Bxe6 fxe6 12. Rf1 h6 13. Ne4 Qd5 14. Nbc3 Qa5
15. d4 Nf7 16. d5 exd5 17. Nd6+ Kd7 18. Nxf7 Rh7 19. Qg4+ Ke7 20. Qg6 d4 21.
Qe4+ Kd7 22. Qxd4+ Bd6 23. Nxd6 cxd6 24. Rf7+ Ke8 25. Qf2 Qe5+ 26. Be3 Nd7 27.
O-O-O Rh8 28. Nd5 Rb8 29. Nc7+ 1-0